Teoría general de las máquinas eléctricas

-д хадгалсан:
Номзүйн дэлгэрэнгүй
Үндсэн зохиолч: Adkins, Bernard (Зохиогч)
Формат: Ном
Хэл сонгох:испани
Хэвлэсэн: Bilbao Urmo 1967
Нөхцлүүд:
Шошгууд: Шошго нэмэх
Шошго байхгүй, Энэхүү баримтыг шошголох эхний хүн болох!

MARC

LEADER 00000nam a2200000 a 4500
001 UCV3919
003 CL-VaPUC
008 880705e19670000SP |||||||||||||||||spa|d
082 0 4 |a 621.81  |b ADK  |2 21 
100 0 |a Adkins, Bernard  |e author  |9 298318 
245 1 0 |a Teoría general de las máquinas eléctricas 
300 |a 241 p 
942 |c BK 
945 |d 19880705 00:00:00 
260 |a Bilbao  |b Urmo  |c 1967 
650 0 |a Máquinas eléctricas  |9 260079 
583 |a last modification  |c 19880705 00:00:00  |k Rodrigo Vera 
999 |c 211014  |d 211012 
952 |0 0  |1 0  |4 0  |6 621_810000000000000_ADK_1967  |7 0  |8 A  |9 188333  |a BIBING  |b BIBING  |d 2019-11-14  |i 2559145  |o 621.81 ADK 1967  |p 2559145  |r 2025-01-20  |w 2019-11-14  |y BK  |k ING 
952 |0 0  |1 0  |4 0  |6 621_810000000000000_ADK_1967  |7 0  |8 A  |9 188334  |a BIBING  |b BIBING  |d 2019-11-14  |i 1680145  |o 621.81 ADK 1967  |p 1680145  |r 2025-01-20  |w 2019-11-14  |y BK  |k EIE